| 000 | 01083cam a22002894a 4500 | ||
|---|---|---|---|
| 001 | 16595869 | ||
| 003 | CEME | ||
| 005 | 20210628201603.0 | ||
| 008 | 110103s2012 nyua b 001 0 eng | ||
| 010 | _a 2010050474 | ||
| 020 | _a9780073529547 (alk. paper) | ||
| 020 | _a0073529540 (alk. paper) | ||
| 035 | _a(OCoLC)ocn695032905 | ||
| 040 |
_aDLC _cDLC _dYDX _dYDXCP _dDLC |
||
| 042 | _apcc | ||
| 050 | 0 | 0 |
_aTK2000 _b.C46 2012 |
| 082 | 0 | 0 |
_a621.31/042 _222 |
| 100 | 1 |
_aChapman, Stephen J. _919160 |
|
| 245 | 1 | 0 |
_aElectric machinery fundamentals / _cStephen J. Chapman. |
| 250 | _a5th ed. | ||
| 260 |
_aNew York : _bMcGraw-Hill, _cc2012. |
||
| 300 |
_axxiv, 680 p. : _bill. ; _c24 cm. |
||
| 504 | _aIncludes bibliographical references and index. | ||
| 505 | 0 | _aIntroduction to machinery principles -- Transformers -- AC machinery fundamentals -- Synchronous generators -- Synchronous motors -- Induction motors -- DC machinery fundamentals -- DC motors and generators -- Single-phase and special-purpose motors. | |
| 650 | 0 |
_aElectric machinery. _918388 |
|
| 942 |
_2ddc _cBK |
||
| 999 |
_c566540 _d566540 |
||